000 00622nam a22001937a 4500
999 _c165287
_d165287
005 20210907113248.0
010 _aENG-125569
020 _a9788193756188
_c890.00
035 _aEN-109101
037 _bDBAD/PUB
082 _a838.91209
100 _aSrivastava S.K.
245 _aThe Tharus:
_ba study in culture Dynamics/
_cby S.K. Srivastava
260 _aVaranasi
_c2018
_bKavyanjali Prakashan
270 _aN.13/32 E-11, Sarai Surjan Bajardiha
_bVaransi, U.P.
_k9450818587
300 _axxii,352p.
_c22cm(Hb)
_bill.
500 _ainclude bibliography and index
942 _2ddc
_cEN
_h838.91209
_mSRI